Statistics for Countries that are NOT landlocked

Click here to take the quiz!

General Stats

  • This quiz has been taken 48 times
  • The average score is 125 of 151

Answers on the Map

Answers color-coded by a green-red scale on the quiz's map according to % correct below.
 

Answer Stats

Country% Correct
France
100%
Belgium
96%
Canada
96%
China
96%
Denmark
96%
Finland
96%
Germany
96%
Iceland
96%
Ireland
96%
Japan
96%
Netherlands
96%
Norway
96%
Portugal
96%
Russia
96%
Spain
96%
Sweden
96%
Turkey
96%
United Kingdom
96%
United States
96%
Argentina
92%
Australia
92%
Bahamas
92%
Brazil
92%
Chile
92%
Croatia
92%
Greece
92%
Italy
92%
Mexico
92%
Algeria
88%
Bulgaria
88%
Cambodia
88%
Cuba
88%
Ecuador
88%
Egypt
88%
India
88%
Iran
88%
Iraq
88%
Israel
88%
Morocco
88%
Myanmar
88%
New Zealand
88%
North Korea
88%
Oman
88%
Pakistan
88%
Peru
88%
Poland
88%
Saudi Arabia
88%
Somalia
88%
South Africa
88%
South Korea
88%
Thailand
88%
Tunisia
88%
Ukraine
88%
Uruguay
88%
Vietnam
88%
Yemen
88%
Angola
85%
Bangladesh
85%
Bosnia and
Herzegovina
85%
Colombia
85%
Djibouti
85%
Georgia
85%
Guyana
85%
Indonesia
85%
Jordan
85%
Latvia
85%
Libya
85%
Lithuania
85%
Madagascar
85%
Panama
85%
Philippines
85%
Qatar
85%
Romania
85%
Sudan
85%
Suriname
85%
Venezuela
85%
Albania
81%
Benin
81%
Costa Rica
81%
Cyprus
81%
El Salvador
81%
Estonia
81%
Gambia
81%
Ghana
81%
Honduras
81%
Kiribati
81%
Kuwait
81%
Lebanon
81%
Malaysia
81%
Malta
81%
Mauritania
81%
Nicaragua
81%
Nigeria
81%
Palau
81%
Papua New Guinea
81%
Saint Vincent and the
Grenadines
81%
Senegal
81%
Sri Lanka
81%
Syria
81%
Taiwan
81%
United Arab Emirates
81%
Belize
77%
Democratic Republic
of the Congo
77%
East Timor
77%
Eritrea
77%
Federated States of
Micronesia
77%
Guatemala
77%
Guinea
77%
Ivory Coast
77%
Jamaica
77%
Kenya
77%
Liberia
77%
Monaco
77%
Montenegro
77%
Saint Kitts and Nevis
77%
Saint Lucia
77%
Slovenia
77%
Togo
77%
Tonga
77%
Trinidad and Tobago
77%
Tuvalu
77%
Bahrain
73%
Cameroon
73%
Dominica
73%
Dominican Republic
73%
Equatorial Guinea
73%
Fiji
73%
Maldives
73%
Marshall Islands
73%
Mauritius
73%
Mozambique
73%
Seychelles
73%
Solomon Islands
73%
Antigua and Barbuda
69%
Barbados
69%
Brunei
69%
Cape Verde
69%
Comoros
69%
Guinea-Bissau
69%
Haiti
69%
Namibia
69%
Nauru
69%
Republic of the Congo
69%
Samoa
69%
Singapore
69%
Tanzania
69%
Vanuatu
69%
Grenada
65%
São Tomé and Príncipe
65%
Gabon
62%
Sierra Leone
62%

Score Distribution

Percentile by Number Answered

Percent of People with Each Score

Your Score History

You have not taken this quiz